000 00475nam a22001817a 4500
003 MPLRDC
005 20220104183116.0
008 210129b ||||| |||| 00| 0 eng d
020 _a957-13-4843-8
082 _a855 WRQ-22
100 _a吴若权
245 _a男人心,回纹针
_c
250 _a初版一刷
260 _a台湾
_b时报文化出版企业股份有限公司
_c2008
300 _b
650 _a散文;随笔、日记
942 _cBK
_o855 WRQ-22
999 _c62255
_d62245